Geometry Dash 2.1 Trivia - Statistics

General Stats
  • This quiz has been taken 2,377 times
    2,157 since last reset
  • The average score is 8 of 15
Answer Stats
Question Answer % Correct
What does RobTop sometimes call him by? RubRub
92%
What level is coming to 2.2? Explorers
88%
What is RobTop's real name? Robert Topala
85%
How many secret coins do you need to play Theory of Everything 2? 20
84%
What gamemode was featured in 1.9? Wave
69%
What's the 16th official Geometry Dash level? Hexagon Force
65%
What is the maximum secret coins you can gain? 149
56%
Where is VipRiN from? Norway
53%
What is the third level in the Shadow Gauntlet? GhostTown
50%
Which one of these map packs are currently in the game? Bionic Pack
46%
Finally, who is the most subscribed Geometry Dash Youtuber? GuitarHeroStyles
37%
What is the current hardest level in the game? Slaughterhouse
31%
How long has the community been waiting for 2.2? 6 years
30%
Which update included Geometry Dash's Steam release? 1.8
17%
Who has the most creator points currently? BraedenTheCroco
5%
No matching quizzes found
Score Distribution
Percent of People with Each Score
Percentile by Number Answered
Your Score History
You have not taken this quiz since the last reset